IBN RUSHD / (Record no. 127321)

MARC details
000 -LEADER
fixed length control field 00978nam a2200301 ia4500
001 - CONTROL NUMBER
control field C2-0327787
003 - CONTROL NUMBER IDENTIFIER
control field PPAK
005 - DATE AND TIME OF LATEST TRANSACTION
control field 20201201122016.0
008 - FIXED-LENGTH DATA ELEMENTS--GENERAL INFORMATION
fixed length control field 140713s2011 my a jr | 0 bmay d
020 ## - INTERNATIONAL STANDARD BOOK NUMBER
International Standard Book Number 9789675934001
Qualifying information set
International Standard Book Number 9789675934049
Qualifying information hardback
040 ## - CATALOGING SOURCE
Original cataloging agency PPAK
Language of cataloging eng
Transcribing agency PPAK
Description conventions rda
082 04 - DEWEY DECIMAL CLASSIFICATION NUMBER
Classification number 922.97
Edition number 23
090 00 - LOCALLY ASSIGNED LC-TYPE CALL NUMBER (OCLC); LOCAL CALL NUMBER (RLIN)
Classification number (OCLC) (R) ; Classification number, CALL (RLIN) (NR) 922.97
Feature heading MAR
Feature heading K
100 0# - MAIN ENTRY--PERSONAL NAME
Personal name Maruwiah Ahmat,
Dates associated with a name 1968-
Relator term author.
245 10 - TITLE STATEMENT
Title IBN RUSHD /
Statement of responsibility, etc. Maruwiah Ahmat
264 #1 - PRODUCTION, PUBLICATION, DISTRIBUTION, MANUFACTURE, AND COPYRIGHT NOTICE
Place of production, publication, distribution, manufacture Shah Alam, Selangor :
Name of producer, publisher, distributor, manufacturer Aspirasi Ayahbonda Enterprise,
Date of production, publication, distribution, manufacture, or copyright notice 2011
300 ## - PHYSICAL DESCRIPTION
Extent 28 pages :
Other physical details colour illustrations ;
Dimensions 22 cm
336 ## - CONTENT TYPE
Source rdacontent
Content type term text
337 ## - MEDIA TYPE
Source rdamedia
Media type term unmediated
338 ## - CARRIER TYPE
Source rdacarrier
Carrier type term volume
490 1# - SERIES STATEMENT
Series statement Siri Tokoh Sarjana Andalusia
504 ## - BIBLIOGRAPHY, ETC. NOTE
Bibliography, etc. note Includes bibliographical references.
600 10 - SUBJECT ADDED ENTRY--PERSONAL NAME
Personal name Ibn Rushd, Muhammad ibn Ahmad,
Dates associated with a name 1058-1126
650 10 - SUBJECT ADDED ENTRY--TOPICAL TERM
Topical term or geographic name entry element Scholars, Muslim
Form subdivision Andalusia (Spain)
General subdivision Biography.
830 #0 - SERIES ADDED ENTRY--UNIFORM TITLE
Uniform title Siri tokoh sarjana Andalusia
942 ## - ADDED ENTRY ELEMENTS (KOHA)
Koha item type Book
Source of classification or shelving scheme Dewey Decimal Classification
Holdings
Withdrawn Not for loan Current library Shelving location Date acquired Full call number Barcode Date last seen Koha item type
    Perpustakaan Alor Setar Pinjaman Kanak-kanak 12/05/2015 K 922.97 MAR A00874783 09/05/2018 Book
    Perpustakaan Kuala Kedah Pinjaman Kanak-kanak 01/12/2020 K 922.97 MAR A00740173 01/12/2020 Book
    Bergerak 1, Alor Setar Pinjaman Kanak-kanak 12/05/2015 K 922.97 MAR A00874784 09/05/2018 Book
    Bergerak 3, Baling Pinjaman Kanak-kanak 13/05/2015 K 922.97 MAR A00875043 09/05/2018 Book
    PD01, Kg. Bendang Raja, Kuala Nerang Pinjaman Kanak-kanak 23/07/2014 K 922.97 MAR A00870606 09/05/2018 Book
    PD04, Kg. Bukit Nambua, Kuala Nerang Pinjaman Kanak-kanak 06/03/2017 K 922.97 MAR A00879891 09/05/2018 Book
    PD18, Kg. Wang Tepus, Jitra   21/02/2022 922.97 MAR A00744139 21/02/2022 Book